000 00800nam a2200289Ia 4500
003 OSt
005 20221006144347.0
006 a|||||r|||| 00| 0
007 ta
008 221006b |||||||| |||| 00| 0 eng d
020 _c£2.13
024 _a11,511
037 _cTextual
040 _aEASL
_cEASL
_beng
041 _2eng
_aeng
082 _aU8.41.N60, K1
100 _aHEBERT Jacques
_9651797
245 0 _aTwo innocents in red China
260 _aToronto
_bOxford University Press
_c1968
300 _a152p.
_ccm.
490 _v CEL
650 _aCEL
700 _a OWEN I. M. Tr.
_9651798
700 _a Trudeau Pierre Elliott
_9651799
942 _hU8.41.N60, K1
_cTEXL
_2CC
999 _c1079597
_d1079597